Aprender a ser : (Record no. 148926)
[ view plain ]
| 000 -CABECERA | |
|---|---|
| campo de control de longitud fija | 00697nab a2200217 ab4500 |
| 005 - FECHA Y HORA DE LA ÚLTIMA TRANSACCIÓN | |
| campo de control | 20260226144038.0 |
| 008 - ELEMENTOS DE LONGITUD FIJA--INFORMACIÓN GENERAL | |
| campo de control de longitud fija | 991125d2006 ag ar p 000 spa d |
| 003 - IDENTIFICADOR DEL NÚMERO DE CONTROL | |
| campo de control | |
| 035 ## - NÚMERO DE CONTROL DEL SISTEMA | |
| Número de control de sistema | UPN01000176823 |
| 040 ## - FUENTE DE LA CATALOGACIÓN | |
| Centro catalogador/agencia de origen | MX-MxUPN |
| Lengua de catalogación | spa |
| Centro/agencia transcriptor | MX-MxUPN |
| Normas de descripción | aacr |
| 100 1# - ASIENTO PRINCIPAL--NOMBRE PERSONAL | |
| Nombre de persona | Lazar, Ross |
| 100 1# - ASIENTO PRINCIPAL--NOMBRE PERSONAL | |
| Nombre de persona | Roepke, Christine |
| 100 1# - ASIENTO PRINCIPAL--NOMBRE PERSONAL | |
| Nombre de persona | Ermann, Gisela |
| 245 1# - MENCIÓN DE TÍTULO | |
| Título | Aprender a ser : |
| Resto del título | observación de un bebé prematuro |
| 653 0# - TERMINO DE INDIZACION - NO CONTROLADO | |
| Término no controlado | Bebés prematuros |
| 653 0# - TERMINO DE INDIZACION - NO CONTROLADO | |
| Término no controlado | Psicología infantil |
| 773 ## - ENLACE AL DOCUMENTO FUENTE/ENTRADA DE REGISTRO ANFITRIÓN | |
| Parte(s) relacionada(s) | Vol. 5, (2006), p. 25-50 |
| Título | Observación de lactantes : revista internacional de observación de lactantes y sus aplicaciones |
| Número Internacional Normalizado para Publicaciones Seriadas | 1515-369X |
| 902 ## - ELEMENTOS DE DATOS B LOCAL, LDB (RLIN) | |
| Modificó | aLeonor Sotres/260226 |
| 905 ## - TIPO DE MATERIAL | |
| Tipo de material | Articulo |
| 942 ## - ELEMENTOS DE PUNTO DE ACCESO ADICIONAL (KOHA) | |
| Tipo de ítem Koha | Artículo Impreso |
| Estado de retiro | Estado de pérdida | Estado dañado | No para préstamo | Código de colección | Localización permanente | Ubicación/localización actual | Ubicación en estantería | Fecha de adquisición | Total de préstamos | Fecha visto por última vez | Precio válido a partir de | Tipo de ítem Koha |
|---|---|---|---|---|---|---|---|---|---|---|---|---|
| Disponible (Préstamo en sala) | Revistas | Bib. Gregorio Torres Quintero | Bib. Gregorio Torres Quintero | Hemeroteca Sótano | 26/02/2026 | 26/02/2026 | 26/02/2026 | Artículo Impreso |
